Наруто. Кн. 20: Наруто против Итати (Запись № 13633840)

Подробности
000 -МАРКЕР
контрольное поле 01378nam2a2200265 4500
001 - ИДЕНТИФИКАТОР ЗАПИСИ
контрольное поле RU\NLR\BIBL_A\022748937
005 - ИДЕНТИФИКАТОР ВЕРСИИ
контрольное поле 20260324132450.0
010 ## - МЕЖДУНАРОДНЫЙ СТАНДАРТНЫЙ НОМЕР КНИГИ (ISBN)
Номер (ISBN) 978-5-389-29947-4
Тираж 6000
021 ## - НОМЕР ГОСУДАРСТВЕННОЙ РЕГИСТРАЦИИ
Код страны Российская Федерация
Номер АЛ-П-26-00085и
Номер Листа государственной регистраци АЛ-П-26-0010
035 ## - ДРУГИЕ СИСТЕМНЫЕ НОМЕРА
Идентификатор записи (NLR Aleph) 022748937
100 ## - ДАННЫЕ ОБЩЕЙ ОБРАБОТКИ
Данные общей обработки 20260310d2026 u y0rusy50 ca
101 1# - ЯЗЫК РЕСУРСА
Язык текста, звукозаписи и т.д. русский
Язык оригинала японский
102 ## - СТРАНА ПУБЛИКАЦИИ ИЛИ ПРОИЗВОДСТВА
Страна публикации Российская Федерация
105 ## - ПОЛЕ КОДИРОВАННЫХ ДАННЫХ: ТЕКСТОВЫЕ МАТЕРИАЛЫ, МОНОГРАФИЧЕСКИЕ
Кодированные данные о монографическом текстовом документе a t 000ay
200 1# - ЗАГЛАВИЕ И СВЕДЕНИЯ ОБ ОТВЕТСТВЕННОСТИ
Основное заглавие Наруто против Итати
Первые сведения об ответственности [перевод с японского Даниила Шлобина]
210 ## - ПУБЛИКАЦИЯ, РАСПРОСТРАНЕНИЕ И ДР.
Дата издания, распространения и т.д. 2026 (печ. 2025)
215 ## - ФИЗИЧЕСКАЯ ХАРАКТЕРИСТИКА
Специфическое обозначение материала и объем 580, [11] с.
Другие сведения о физической характеристике ил.
327 1# - ПРИМЕЧАНИЯ О СОДЕРЖАНИИ
Текст примечания Содерж.: Т. 58: Наруто против Итати; Т. 59: Пятеро кагэ, общий сбор!; Т. 60: Курама!!!
461 #0 - УРОВЕНЬ НАБОРА
Встроенное поле 001RU\NLR\BIBL_A\012568078
-- 2001#$aНаруто$e[манга]$fМасаси Кисимото$g[перевод с японского Екатерины Рябовой, Наталии Саватюгиной]$vКн. 20
-- 700#1$aКисимото$bМ.$f1974-$gМасаси$3RU\NLR\AUTH\7784335
Системный номер (АБИС) связанной записи 12482229
Автор Кисимото, М. (1974-)
Место публикации Санкт-Петербург [и др.]
Дата публикации 2021-
Первые сведения об ответственности Масаси Кисимото
Имя издателя, распространителя и т.д. Азбука [и др.]
Сведения, относящиеся к заглавию [манга]
Заглавие Наруто
Номер тома Кн. 20
942 ## - ДОПОЛНИТЕЛЬНЫЕ ЭЛЕМЕНТЫ ЗАПИСИ (АБИС)
Тип экземпляра АБИС Книга
980 ## - КОЛЛЕКЦИЯ
Название коллекции Национальная библиография

Нет доступных экземпляров.